MARC details
| 001 - CONTROL NUMBER |
| control field |
23357233 |
| 003 - CONTROL NUMBER IDENTIFIER |
| control field |
00000 |
| 005 - DATE AND TIME OF LATEST TRANSACTION |
| control field |
20251013152639.0 |
| 008 - FIXED-LENGTH DATA ELEMENTS--GENERAL INFORMATION |
| fixed length control field |
231020s2024 enk b 001 0beng |
| 010 ## - LIBRARY OF CONGRESS CONTROL NUMBER |
| LC control number |
2023044451 |
| 020 ## - INTERNATIONAL STANDARD BOOK NUMBER |
| International Standard Book Number |
9780367470937 |
| 035 ## - SYSTEM CONTROL NUMBER |
| System control number |
23357233 |
| 040 ## - CATALOGING SOURCE |
| Original cataloging agency |
DLC |
| Language of cataloging |
eng |
| Description conventions |
rda |
| Transcribing agency |
DLC |
| Modifying agency |
DLC |
| 042 ## - AUTHENTICATION CODE |
| Authentication code |
pcc |
| 043 ## - GEOGRAPHIC AREA CODE |
| Geographic area code |
n-us--- |
| 050 00 - LIBRARY OF CONGRESS CALL NUMBER |
| Classification number |
HM 22 .U6 .K35 |
| 082 00 - DEWEY DECIMAL CLASSIFICATION NUMBER |
| Classification number |
323.092 |
| -- |
B |
| Edition number |
23/eng/20240110 |
| 100 1# - MAIN ENTRY--PERSONAL NAME |
| Personal name |
Ojeh, Kalasia |
| Relator term |
author. |
| 245 13 - TITLE STATEMENT |
| Title |
An introduction to W.E.B. Du Bois / |
| Statement of responsibility, etc |
Kalasia Ojeh and Earl Wright II, |
| 263 ## - PROJECTED PUBLICATION DATE |
| Projected publication date |
2404 |
| 264 #1 - PUBLICATION, DISTRIBUTION, ETC. (IMPRINT) |
| Place of publication, distribution, etc |
Abingdon, Oxon ; |
| -- |
New York, NY : |
| Name of publisher, distributor, etc |
Routledge, |
| Date of publication, distribution, etc |
2024. |
| 300 ## - PHYSICAL DESCRIPTION |
| Extent |
vii, 142p. |
| 336 ## - CONTENT TYPE |
| Content type term |
text |
| Content type code |
txt |
| Source |
rdacontent |
| 337 ## - MEDIA TYPE |
| Media type term |
unmediated |
| Media type code |
n |
| Source |
rdamedia |
| 338 ## - CARRIER TYPE |
| Carrier type term |
volume |
| Carrier type code |
nc |
| Source |
rdacarrier |
| 504 ## - BIBLIOGRAPHY, ETC. NOTE |
| Bibliography, etc |
Includes bibliographical references and index. |
| 505 0# - FORMATTED CONTENTS NOTE |
| Formatted contents note |
W. E. B. Du Bois: a biography -- Toward a Du Boisian sociology -- Du Boisian sociology -- Du Boisian theories: race, class and gender -- Du Boisian Theories: social institutions -- W. E. B. Du Bois' contributions to research methods -- Du Boisian sociology in the contemporary age. |
| 520 ## - SUMMARY, ETC. |
| Summary, etc |
"An Introduction to W.E.B. Du Bois examines the historical contributions to social science and the continuing relevance of the work of W.E.B. Du Bois in an accessible manner. The first volume of its kind, it places the theories of Du Bois in context, showing how the socio-racial environment in which he grew up and came of age influenced the development of his thought. In addition to covering well-known concepts such as double consciousness, the veil and religious fatalism, the authors discuss Du Bois' uncoined theories emanating from the Atlanta University Studies, as well as his contributions to the development of Black sociology and research methodology. A groundbreaking contextualization and summary of the importance of Du Bois' work to sociology and sociological theory, this book constitutes a much-needed resource for scholars and students seeking to understand this scholar's significance to the social sciences beyond the elementary level"-- |
| Assigning source |
Provided by publisher. |
| 600 10 - SUBJECT ADDED ENTRY--PERSONAL NAME |
| Personal name |
Du Bois, W. E. B. |
| Fuller form of name |
(William Edward Burghardt), |
| Dates associated with a name |
1868-1963. |
| 650 #0 - SUBJECT ADDED ENTRY--TOPICAL TERM |
| Topical term or geographic name as entry element |
African American sociologists |
| Form subdivision |
Biography. |
| 651 #0 - SUBJECT ADDED ENTRY--GEOGRAPHIC NAME |
| Geographic name |
United States |
| General subdivision |
Race relations |
| -- |
History. |
| 655 #7 - INDEX TERM--GENRE/FORM |
| Genre/form data or focus term |
Biographies. |
| Source of term |
lcgft |
| Authority record control number |
https://id.loc.gov/authorities/genreForms/gf2014026049 |
| 700 1# - ADDED ENTRY--PERSONAL NAME |
| Personal name |
Ojeh, Kalasia S., |
| Relator term |
author. |
| 906 ## - LOCAL DATA ELEMENT F, LDF (RLIN) |
| a |
7 |
| b |
cbc |
| c |
orignew |
| d |
1 |
| e |
ecip |
| f |
20 |
| g |
y-gencatlg |
| 942 ## - ADDED ENTRY ELEMENTS (KOHA) |
| Source of classification or shelving scheme |
Library of Congress Classification |
| Koha item type |
Books |